| 000 | 00587nam a2200229 a 4500 | ||
|---|---|---|---|
| 001 | nice12345678 | ||
| 003 | IN_TiNIC | ||
| 005 | 20260116011251.0 | ||
| 008 | 050524s1957 newa grp 000 0 eng | ||
| 020 |
_a _c100 |
||
| 082 | 0 | 0 |
_a206 _bWCC5 |
| 245 | _aCommission on Faith and Order | ||
| 260 |
_aNew Haven _bYale University Press _c1957 |
||
| 300 | _a47p | ||
| 500 | _aincludes index and biblioraphy | ||
| 505 | 2 | _aMethodist church west africa | |
| 650 | _aWorld Council of Churches | ||
| 710 | 2 | _aWorld Council of Churches | |
| 902 | _bSRS | ||
| 942 | _cBK | ||
| 999 |
_c21 _d21 |
||